| 000 | 01413aam a2200337 4500 | ||
|---|---|---|---|
| 001 | 19482 | ||
| 003 | CO-MdFUSB | ||
| 005 | 20180622072740.0 | ||
| 008 | 170303t1966 enk||||g |||| 00| 0 eng d | ||
| 020 | _a334-00737-2 | ||
| 040 |
_aCO-MdFUSB _bspa _cCO-MdFUSB _dCO-MdFUSB _erda |
||
| 041 | _aeng | ||
| 082 |
_224 _aG 215 _bB239i |
||
| 100 | 1 |
_aBarbour, Ian G. _eautor |
|
| 245 | 0 | 0 |
_aIssues in science and religion _c/ Ian G. Barbour |
| 264 | 1 |
_aLondon : _bSCM Press, _c℗1966 |
|
| 264 | 4 | _c©1966 | |
| 300 | _a470 páginas | ||
| 336 |
_2rdacontent _a1 _ba1 |
||
| 337 |
_2rdamedia _a2 _b5 |
||
| 338 |
_2rdacarrier _a2 _b5 |
||
| 501 | _aIncluye índice (p. 464-470) | ||
| 505 | 0 | 0 | _aParte uno: Religión y la historia de ciencia - Física y metafísica en el siglo XVII - Naturaleza y Dios en el siglo XVIII - Biología y teología en el siglo XIX - Ciencia y religión en el siglo XX |
| 505 | 0 | 0 | _aParte dos: La religión y los métodos de la ciencia - Los métodos de la ciencia - Desde las ciencias a las humanidades - Los métodos de la religión - Las lenguas de la ciencia y la religión |
| 505 | 0 | 0 | _aParte tres: Religión y las teorías de la ciencia - Física y la indeterminación - La vida y la mente - Evolución y creación - Dios y la naturaleza |
| 540 | _aRústico | ||
| 650 | 7 |
_9532 _aFe y razón |
|
| 650 | 7 |
_9259 _aReligión y ciencia |
|
| 942 | _cBK | ||
| 999 |
_c45847 _d45847 |
||